000 00643cam a22002291 4500
001 sa 66000617
003 DLC
005 20260227112216.0
008 720815s1965 xx 000 0 eng
010 _asa 66000617
035 _a(OCoLC)382228
040 _aDLC
_cOAU
_dDLC
042 _apremarc
050 0 0 _aDS479
_b.B66
100 1 _aBose, Nemai Sadhan.
245 1 4 _aThe Indian national movement;
_ban outline.
250 _a[1st ed.]
260 _aCalcutta,
_bFirma K. L. Mukhopadhyay,
_c1965.
300 _a125 p.
_bmap (on lining paper)
_c23 cm.
504 _aBibliography: p. [121]-122.
650 0 _aNationalism
_zIndia
_xHistory.
999 _c67346
_d67346